00996 a2200217 4500003000500000005001700005010001600022020001500038040000900053082001200062100001900074245012700093250001200220260005200232300003400284505036000318650001700678700002900695700002600724700002800750NUST20221027182052.0 a 86070799 a0155029401 cNust00a510,ANT1 aAnton, Howard.10aApplied finite mathematics /cHoward Anton, Bernard Kolman, Bonnie Averbach ; with the assistance of Charles G. Denlinger. a4th ed. aSan Diego :bHarcourt Brace Jovanovich,cc1988. avii, 639 p. :bill. ;c25 cm. aSet Theory (Page-1), Coordinate Sys And Graphs (Page-30), Functions (Page-87), Linear Programming (Page-111), Matrices And Linear Sys (Page-135), Linear Programming, An Algebraic Approach (Page-189), Counting Techniques (Page-230), Probability (Page-274), Statistics And Probability (Page-340), Mathematics Of Finance (Page-421), Applications (Page-462).  0aMathematics.1 aAverbach, Bonnie,d1933-1 aDenlinger, Charles G.1 aKolman, Bernard,d1932-